| 000 | 00453nam a22001697a 4500 | ||
|---|---|---|---|
| 999 |
_c16598 _d16598 |
||
| 003 | OSt | ||
| 005 | 20171102122557.0 | ||
| 008 | 171102b xxu||||| |||| 00| 0 eng d | ||
| 020 | _a9789966497447 | ||
| 040 |
_aKABU _cKABU |
||
| 050 |
_aPL8704 _b.W35S55 1996 |
||
| 100 | _aWalibora, Ken | ||
| 245 |
_aSiku njema / _cKen Walibora |
||
| 260 |
_aNairobi _bLonghorn _c1996 |
||
| 300 | _a150 p. | ||
| 942 |
_2lcc _cBK _hPL8704 _i.W35S55 1996 |
||